Kingdom Hearts Disney Villians - Statistics

General Stats
  • This quiz has been taken 665 times
  • The average score is 9 of 13
Answer Stats
Hint Answer % Correct
Neverland Captain Hook
93%
Agrabah Jafar
92%
Olympus Hades
91%
Wonderland Queen of Hearts
89%
Pride Lands Scar
84%
Atlantica Ursula
80%
Halloween Town Oogie Boogie
73%
Deep Jungle Clayton
65%
Hollow Bastion Maleficent
65%
Timeless River Pete
65%
Port Royal Captain Barbossa
53%
The Land of Dragons Shan Yu
46%
End of the World Chernabog
36%
No matching quizzes found
Score Distribution
Percent of People with Each Score
Percentile by Number Answered
Your Score History
You have not taken this quiz